Kader von Viktoria Köln 2024/25 - Statistiken

Allgemein
  • Dieses Quiz wurde 14 mal gespielt
    7 seit der letzten Aktualisierung
  • Das Durchschnittsergebnis liegt bei 14 aus 38
Antwortstatistiken
Nr. Name % Korrekt
22 Said El Mala
100%
1 Eduardo Dos Santos Haesler
80%
9 Lex-Tyger Lobinger
80%
42 Malek El Mala
80%
6 Bryan Henning
60%
15 Christoph Greger
60%
8 Donny Bogićević
60%
2 Lars Dietz
60%
23 Moritz Fritz
60%
28 Patrick Koronkiewicz
60%
30 Serhat-Semih Güler
60%
5 Sidney Lopes Cabral
60%
7 Simon Handle
60%
14 Enrique Lofolomo
40%
33 Jonah Sticker
40%
4 Kevin Pytlik
40%
24 Kevin Rauhut
40%
3 Kwabenaboye Schulz
40%
37 Niklas May
40%
29 Thomas Idel
40%
21 Tobias Eisenhuth
40%
10 Albion Vrenezi
20%
16 Florian Engelhardt
20%
13 Luca de Meester
20%
19 Lucas Cueto
20%
6 Paul Pöpperl
20%
11 Robin Velasco
20%
38 Samuele Carella
20%
35 Zoumana Keita
20%
17 Benjamin Hemcke
0%
25 Diego Perri
0%
39 Dustin Plöger
0%
20 Elyas Aydin
0%
17 Fabian Fricke
0%
41 Lasse Soldanski
0%
27 Oleksandr Petrenko
0%
36 Oskar Hill
0%
26 Philipp Köhl
0%
Keine übereinstimmenden Quizze gefunden
Verteilung der Resultate
Anzahl Personen mit jedem Resultat
Perzentil nach korrekt beantworteten Fragen
Ihre Resultats-Entwicklung
Sie haben dieses Quiz seit der letzten Aktualisierung nicht gespielt